Statystyki dla Zwyciężcy Mundialu 1930-2022

Kliknij tutaj aby rozwiązać quiz!

Ogólne statystyki

  • Ten quiz został rozwiązany 1 162 razy
    (1 024 od ostatniego zresetowania)
  • Średni wynik to 20 z 22

Statystyki odpowiedzi

HintOdpowiedź% Poprawnych
1978Argentyna
99%
2022Argentyna
99%
1986Argentyna
99%
1994Brazylia
99%
1958Brazylia
99%
1962Brazylia
99%
1970Brazylia
99%
2002Brazylia
99%
2018Francja
99%
1998Francja
99%
2014Niemcy
98%
2010Hiszpania
96%
2006Włochy
95%
1982Włochy
95%
1938Włochy
95%
1934Włochy
95%
1950Urugwaj
93%
1930Urugwaj
93%
1966Wielka Brytania/Anglia
89%
1990RFN
57%
1974RFN
57%
1954RFN
57%

Rozkład punktacji

Percentyl według liczby udzielonych odpowiedzi

Procent ludzi z każdym wynikiem

Twoja historia wyników

Nie rozwiązałeś tego quizu od ostatniego zresetowania